Massive Picture Quiz # 2 (Riverdale - TV Shows) - Statistiques

Statistiques générales
  • Ce quiz a été pris 407 fois
  • Le résultat moyen est 13 sur 20
Statistiques - réponses
Par images Réponse % Correct
Veronica Lodge
98%
Betty Cooper
96%
Jughead Jones
91%
Cheryl Blossom
90%
Archie Andrews
88%
Hiram Lodge
80%
Alice Cooper
79%
Hermione Lodge
77%
Kevin Keller
77%
Fred Andrews
74%
FP Jones
73%
Toni Topaz
73%
Polly Cooper
68%
Penelope Blossom
58%
Josie McCoy
50%
Jason Blossom
48%
Mary Andrews
42%
Edgar Evernever
30%
Nick St Clair
24%
Valérie Brown
16%
Aucun quiz correspondant
Distribution des résultats
% des personnes avec chaque résultat
Percentile par nombre de réponses
Votre historique - résultats
Vous n’avez pas pris ce quiz